Kluby Ekstraklasy - nagła śmierć - Statystyki

Ogólne statystyki
  • Ten quiz został rozwiązany 258 razy
    234 od ostatniego zresetowania
  • Średni wynik to 13 z 18
Answers on the Grid
Answers color-coded by a green-red scale on the quiz's grid according to % correct below.
Bayer Leverkusen
Bayern Monachium
Modena
Górnik Zabrze
Motor Lublin
Korona Kielce
Cracovia
FC Metz
Lech Poznań
Lechia Gdańsk
Legia Warszawa
Piast Gliwice
Pogoń Szczecin
PSG
Moskwa Lokomotywa
Puszcza Niepołomice
Radomiak Radom
ŁKS Łódź
Raków Częstochowa
GKS Katowice
Śląsk Wrocław
Palermo
Jagiellonia
Warta Poznań
Stal Mielec
Real Madryt
Widzew Łódź
Wisła Płock
Górnik Łęczna
Zagłebie Lubin
 
Statystyki odpowiedzi
Odpowiedź % Poprawnych
Lech Poznań
90%
Piast Gliwice
88%
Pogoń Szczecin
88%
Górnik Zabrze
87%
Korona Kielce
86%
Legia Warszawa
86%
Cracovia
84%
Lechia Gdańsk
84%
Motor Lublin
82%
Radomiak Radom
75%
Puszcza Niepołomice
69%
Raków Częstochowa
62%
GKS Katowice
57%
Widzew Łódź
49%
Jagiellonia
48%
Zagłebie Lubin
48%
Śląsk Wrocław
46%
Stal Mielec
42%
Nie znaleziono quizów pasujących do podanych kryteriów
Rozkład punktacji
Procent ludzi z każdym wynikiem
Percentyl według liczby udzielonych odpowiedzi
Twoja historia wyników
Nie rozwiązałeś tego quizu od ostatniego zresetowania